000 00609nam a2200193 i 4500
001 101142
003 ES-MaACL
005 20250829062540.0
007 t|
008 051013s1949 fr ||||1| fre d
100 1 _aMaurois, André,
_d1885-1967
_979267
245 1 0 _aA la recherche de Marcel Proust
_b: avec de nombreux inédits /
_cAndré Maurois, [seud.] de Emile Herzog.
250 _a60ª ed.
260 _aParis :
_bHachette,
_c1949.
300 _a348 p. ;
_c20 cm.
600 1 7 _aProust, Marcel,
_d1871-1922-
_xBiografías
_2
_9144085
852 _aES-MaACL
_jD-6355
_bR.29665
999 _c101142
_d101142